R N A Biosyntheis (Record no. 24342)

MARC details
000 -LEADER
fixed length control field 00341nam a2200133Ia 4500
082 ## - DEWEY DECIMAL CLASSIFICATION NUMBER
Classification number 577.123.5
Item number BUR
100 ## - MAIN ENTRY--AUTHOR NAME
Personal name BURDON, R H
245 #0 - TITLE STATEMENT
Title R N A Biosyntheis
260 ## - PUBLICATION, DISTRIBUTION, ETC. (IMPRINT)
Place of publication London
Name of publisher Chapman & Hall
Year of publication 1976
490 ## - SERIES STATEMENT
Series statement Outline studies in biology
650 ## - SUBJECT ADDED ENTRY--TOPICAL TERM
Topical Term RNA Biosynthesis
942 ## - ADDED ENTRY ELEMENTS (KOHA)
Koha item type Books
Holdings
Withdrawn status Lost status Damaged status Not for loan Home library Current library Date acquired Full call number Accession Number Koha item type
        RRII Library RRII Library 16/12/2021 577.123.5 BUR 05025 Books